| 000 | 00703nam a2200181 a 4500 | ||
|---|---|---|---|
| 005 | 20230607063600.0 | ||
| 008 | 991125s1929 mx 000 0 spa u | ||
| 035 | _aUPN01000008429 | ||
| 049 | _aSEP | ||
| 050 | 4 |
_aLB2846 _bH3.4 1929 |
|
| 100 | 1 | _aHastings, Montana Lucía | |
| 245 | 1 | 0 |
_aClasificación y estudio estadístico de 3719 alumnos, la mayoría de primer año de enseñanza secundaria de la Ciudad de México por medio del examen beta y la prueba otis / _cMontana Lucía Hastings. |
| 260 |
_aMéxico : _bSEP, _c1929. |
||
| 300 |
_a192 p. : _bgráfs. |
||
| 500 | _aDisponible en la Colección Medina | ||
| 650 | 4 |
_aEducación secundaria _zCiudad de México _vEstadística _918158 |
|
| 905 | _aLibro | ||
| 999 |
_c8429 _d8429 |
||